Lataa...
Subhash Chandra Bosinte marana rahasyam /
| Päätekijä: | |
|---|---|
| Kieli: | Undetermined |
| Julkaistu: |
Kozhikode :
Pappiyon ,
2003.
|
| Aiheet: |
| LEADER | 00552nam a2200169Ia 4500 | ||
|---|---|---|---|
| 001 | 141277 | ||
| 008 | 170722s9999 xx 000 0 und d | ||
| 100 | |a Chandran, Muttath | ||
| 245 | |a Subhash Chandra Bosinte marana rahasyam / | ||
| 260 | |a Kozhikode : |b Pappiyon , |c 2003. | ||
| 300 | |a 106 p. | ||
| 653 | |a Biography | ||
| 653 | |a Freedom Struggle | ||
| 923 | |d 20050110 |n 255-256 | ||
| 942 | |c GEN | ||
| 999 | |c 130630 |d 130630 | ||
| 952 | |0 0 |1 0 |4 0 |6 V_251WM97_32P3 |7 0 |9 184521 |a LIB |b LIB |d 2013-03-25 |e Melinda Books |o V2:51wM97 32P3 |p 256424 |r 2017-08-12 |v 60.00 |w 2017-08-12 |y GEN | ||